000 00847nam a22002417a 4500
003 OSt
005 20230921092920.0
008 221006b |||||||| |||| 00| 0 eng d
040 _cBiblioteca Lado V
082 _a700
_bM986a
110 _9159
_aMuseo de Arte y Diseño Contemporaneo
_eautor
245 _aArte Popular Político Peruano/
260 _bMisterio de Cultura Juventud y Deportes
_c1996
_aCosta Rica
300 _c21x28cm
_a16p.
366 _espa
505 _tPresentación
650 _2Tesauro de Arte & Arquitectura
_aARTE
_9703
650 _2Tesauro de Arte & Arquitectura
_aEXHIBICION
_9702
650 _2Tesauro de Arte & Arquitectura
_aICONOGRAFIA
_9702
650 _2Tesauro de Arte & Arquitectura
_aPINTURA
650 _2Tesauro de Arte & Arquitectura
_aESCULTURA
942 _2ddc
_c1
_h700
_iM986a
_n0
999 _c4355
_d4355